| 000 -ლიდერი |
| ფიქსირებული სიგრძის საკონტროლო ველი |
00945nam a2200253Ia 4500 |
| 001 - საკონტროლო ნომერი |
| საკონტროლო ველი |
16256 |
| 003 - საკონტროლო ნომრის იდენტიფიკატორი |
| საკონტროლო ველი |
GE_BSU |
| 005 - ბოლო ოპერაციის თარიღი და დრო |
| საკონტროლო ველი |
20250616125916.0 |
| 008 - ფიქსირებული სიგრძის მონაცემთა ელემენტები - ზოგადი ინფორმაცია |
| ფიქსირებული სიგრძის საკონტროლო ველი |
181216s2002||||ge |||||||||||||| ||geo|| |
| 040 ## - კატალოგიზაციის წყარო |
| Transcribing agency |
GE_BSU |
| 041 ## - ენის კოდი |
| Language code of text/sound track or separate title |
geo |
| 080 ## - უნივერსალური ათობითი კლასიფიკაციის ინდექსი |
| Universal Decimal Classification number |
7.01(031)+111.852(031) |
| 100 ## - მთავარი ჩანაწერი - პიროვნების სახელი |
| Personal name |
თეზელიშვილი, სოლომონ |
| 9 (RLIN) |
12293 |
| 245 ## - ცნობა სათაურის შესახებ |
| Title |
ესთეტიკა: (ენციკლოპედია) |
| 245 ## - ცნობა სათაურის შესახებ |
| Statement of responsibility, etc |
მთ. რედ.: გერისო კელაპტრიშვილი, რედ. ირმა შულაია |
| 260 ## - გამოქვეყნების, გავრცელების, და სხვა. ცნობები |
| Place of publication, distribution, etc |
თბილისი |
| 260 ## - გამოქვეყნების, გავრცელების, და სხვა. ცნობები |
| Name of publisher, distributor, etc |
გ.გ |
| 260 ## - გამოქვეყნების, გავრცელების, და სხვა. ცნობები |
| Date of publication, distribution, etc |
2009 |
| 300 ## - ფიზიკური აღწერა |
| Extent |
456გვ;29სმ |
| 300 ## - ფიზიკური აღწერა |
| Other physical details |
ტერმინთა საძ.: გვ. 447-455. |
| 520 ## - SUMMARY, ETC. |
| Summary, etc |
გარეკანზე ავტ. მითით. არ არიან |
| 653 ## - INDEX TERM--UNCONTROLLED |
| Uncontrolled term |
ესთეტიკის ენციკლოპედია |
| 942 ## - ADDED ENTRY ELEMENTS (KOHA) |
| Koha item type |
წიგნი |
| Source of classification or shelving scheme |
|